Quizzes
Events
Quiz Creation
Community
Videos
Private Events
Remove Ads
Sign In
Join for FREE
Feedback
Dark Mode
Quiz Categories
Sports
Geography
Music
Movies
Television
Just For Fun
Miscellaneous
History
Literature
Language
Science
Gaming
Entertainment
Religion
Holiday
For Kids
Quiz Lab
Recent
Popular Today
Quiz Kudos Today
Editor Picks
Curator Picks
Quizzes by...
Day
Popularity
Type
Ratings
Length
Year
Community
Subscriptions
Recent Discussions
Orange Saloon
Badges
Playlists
Quests
Create
Leaderboards
Showdown
Live 5
Trivia Bingo
Activity
Puzzle Library
Sporcle Events
Private Events
Virtual Trivia
Globe League
Become a Host
Pub Owners
SporcleCon
Opinionation
Our Games
Videos
Blog
Mobile Apps
Partnerships
Remove Ads and Go Orange
Feedback
Sports
Athletes
MLB
NBA
NHL
NFL
Soccer
Sports Teams
WWE
NCAA
Football
Premier League
Basketball
Baseball
Hockey
Golf
Tennis
Cricket
Rugby
Auto Racing
Olympics
World Cup
Sports
Athletes
MLB
NBA
NHL
NFL
Soccer
Sports Teams
WWE
NCAA
Football
Premier League
Basketball
Baseball
Hockey
Golf
Tennis
Cricket
Rugby
Auto Racing
Olympics
World Cup
Random Quiz
Search Sporcle
×
Quiz Lab
Quiz Lab
Sports
Basketball
Type in answers that appear in a list
Type in answers that appear in a list
Classic
Best Score? Go Orange.
Portland Trailblazers Opening Night Starters Since 1985 Stats
Can you name the Portland Trailblazers Opening Night Starters Since 1985?
By
alidarjarok
15m
150 Questions
3,472 Plays
3,472 Plays
3,472 Plays
Comments
Comments
Give Quiz Kudos
Give Quiz Kudos
-
- Ratings
hide this ad
More Info
Replay
Link that replays current quiz
Next Quiz
Link to next quiz in quiz playlist
You Got
0%
They Got
Avg Score
56%
Avg Friend Score
Upgrade to see
Score Distribution
Jump to the score distribution portion of the page
Score
0/150
Timer
15:00
1
Play Today
Year
Player
% Correct
2014-
2015
Damian Lillard
96.8%
2013-
2014
Damian Lillard
95.2%
1985-
1986
Clyde Drexler
93.3%
1986-
1987
Clyde Drexler
93.3%
1987-
1988
Clyde Drexler
93.3%
1988-
1989
Clyde Drexler
93.3%
1989-
1990
Clyde Drexler
93.3%
1990-
1991
Clyde Drexler
93.3%
1991-
1992
Clyde Drexler
93.3%
1992-
1993
Clyde Drexler
93.3%
1993-
1994
Clyde Drexler
93.3%
2012-
2013
Damian Lillard
92.2%
1994-
1995
Cyde Drexler
91.7%
2007-
2008
LaMarcus Aldridge
90.9%
2008-
2009
LaMarcus Aldridge
90.9%
2009-
2010
LaMarcus Aldridge
90.9%
2011-
2012
LaMarcus Aldridge
90.9%
2012-
2013
LaMarcus Aldridge
90.9%
2010-
2011
LaMarcus Aldridge
90.3%
2013-
2014
LaMarcus Aldridge
90%
2014-
2015
LaMarcus Aldridge
87.9%
2006-
2007
Brandon Roy
83.5%
2007-
2008
Brandon Roy
83.5%
2008-
2009
Brandon Roy
83.5%
2009-
2010
Brandon Roy
83.5%
2010-
2011
Brandon Roy
83.5%
1996-
1997
Rasheed Wallace
77.9%
1997-
1998
Rasheed Wallace
77.9%
1999-
2000
Rasheed Wallace
77.9%
2000-
2001
Rasheed Wallace
77.9%
2001-
2002
Rasheed Wallace
77.9%
2002-
2003
Rasheed Wallace
77.9%
2003-
2004
Rasheed Wallace
77.9%
2011-
2012
Gerald Wallace
77.4%
1986-
1987
Terry Porter
75%
1987-
1988
Terry Porter
75%
1988-
1989
Terry Porter
75%
1989-
1990
Terry Porter
75%
1990-
1991
Terry Porter
75%
1991-
1992
Terry Porter
75%
1992-
1993
Terry Porter
75%
1993-
1994
Terry Porter
75%
2010-
2011
Nicolas Batum
73.1%
2012-
2013
Nicolas Batum
73.1%
2013-
2014
Nicolas Batum
72%
1999-
2000
Damon Stoudamire
68.5%
1998-
1999
Damon Stoudamire
68.5%
2000-
2001
Damon Stoudamire
68.5%
2001-
2002
Damon Stoudamire
68.5%
2002-
2003
Damon Stoudamire
68.5%
Year
Player
% Correct
2003-
2004
Damon Stoudamire
68.5%
2004-
2005
Damon Stoudamire
68.5%
1999-
2000
Scottie Pippen
67.9%
2000-
2001
Scottie Pippen
67.9%
2001-
2002
Scottie Pippen
67.9%
1989-
1990
Buck Williams
67.6%
1990-
1991
Buck Williams
67.6%
1991-
1992
Buck Williams
67.6%
1992-
1993
Buck Williams
67.6%
1993-
1994
Buck Williams
67.6%
1994-
1995
Buck Williams
67.6%
2011-
2012
Wesley Matthews
67.6%
2012-
2013
Wesley Matthews
67.6%
2013-
2014
Wesley Matthews
67.2%
1995-
1996
Arvydas Sabonis
67%
1996-
1997
Arvydas Sabonis
67%
1997-
1998
Arvydas Sabonis
67%
1998-
1999
Arvydas Sabonis
67%
1999-
2000
Arvydas Sabonis
67%
1998-
1999
Walt Williams
66.9%
2014-
2015
Nicolas Batum
66.8%
1999-
2000
Steve Smith
66.4%
2000-
2001
Steve Smith
66.4%
2005-
2006
Charles Smith
65.7%
2014-
2015
Wesley Matthews
63.1%
2013-
2014
Robin Lopez
58.2%
2008-
2009
Greg Oden
57.7%
2009-
2010
Greg Oden
57.7%
1988-
1989
Kevin Duckworth
57.2%
1989-
1990
Kevin Duckworth
57.2%
1990-
1991
Kevin Duckworth
57.2%
1991-
1992
Kevin Duckworth
57.2%
1992-
1993
Kevin Duckworth
57.2%
1988-
1989
Jerome Kersey
56.8%
1989-
1990
Jerome Kersey
56.8%
1990-
1991
Jerome Kersey
56.8%
1991-
1992
Jerome Kersey
56.8%
1992-
1993
Jerome Kersey
56.8%
1993-
1994
Jerome Kersey
56.8%
2003-
2004
Zach Randolph
56.7%
2004-
2005
Zach Randolph
56.7%
2005-
2006
Zach Randolph
56.7%
2006-
2007
Zach Randolph
56.7%
1994-
1995
Clifford Robinson
56.6%
1995-
1996
Clifford Robinson
56.6%
1996-
1997
Clifford Robinson
56.6%
2014-
2015
Robin Lopez
54.3%
2010-
2011
Andre Miller
53.8%
1987-
1988
Steve Johnson
51.7%
2002-
2003
Bonzi Wells
47.3%
Year
Player
% Correct
2003-
2004
Bonzi Wells
47.3%
2006-
2007
Jarrett Jack
46.4%
2007-
2008
Jarrett Jack
46.4%
2000-
2001
Dale Davis
43.9%
2001-
2002
Dale Davis
43.9%
2002-
2003
Dale Davis
43.9%
2003-
2004
Dale Davis
43.9%
1987-
1988
Caldwell Jones
42.6%
2008-
2009
Steve Blake
41.1%
2009-
2010
Steve Blake
41.1%
2010-
2011
Marcus Camby
39.6%
2011-
2012
Marcus Camby
39.6%
2001-
2002
Derek Anderson
39.5%
2002-
2003
Derek Anderson
39.5%
2004-
2005
Derek Anderson
39.5%
1996-
1997
Kenny Anderson
39.4%
1994-
1995
Rod Strickland
38.3%
1995-
1996
Rod Strickland
38.3%
2005-
2006
Joel Przybilla
36%
2006-
2007
Joel Przybilla
36%
2007-
2008
Joel Przybilla
36%
1997-
1998
Brian Grant
34.9%
1998-
1999
Brian Grant
34.9%
1995-
1996
Harvey Grant
34.6%
2012-
2013
JJ Hickson
32.4%
2011-
2012
Raymond Felton
31.3%
1985-
1986
Sam Bowie
30.9%
1986-
1987
Sam Bowie
30.9%
1985-
1986
Kiki Vandeweghe
30.5%
1986-
1987
Kiki Vandeweghe
30.5%
1987-
1988
Kiki Vandeweghe
30.5%
1998-
1999
Isaiah Rider
30%
1985-
1986
Mychal Thompson
28.3%
2005-
2006
Darius Miles
27.5%
2008-
2009
Travis Outlaw
22.5%
1993-
1994
Chris Dudley
20.4%
1994-
1995
Chris Dudley
20.4%
1995-
1996
Chris Dudley
20.4%
2007-
2008
Martell Webster
20.1%
2009-
2010
Martell Webster
20.1%
2005-
2006
Sebastian Telfair
17.5%
2004-
2005
Theo Ratliff
17.2%
1997-
1998
Stacey Augmon
14.4%
2004-
2005
Shareef Abdur-Rahim
13.7%
1986-
1987
Kenny Carr
10.1%
1988-
1989
Mark Bryant
9.7%
1985-
1986
Darnell Valentine
8.3%
1996-
1997
Aaron McKie
8.2%
2006-
2007
Ime Udoka
6.8%
1997-
1998
John Crotty
5.4%
Quiz Playlist
Details
Report
Send in Message
Add To Playlist
More Info:
Can you name every player to start for the Portland Trailblazers franchise on opening night since the 1985-1986 season?
Classic:
Type in answers that appear in a list
Quiz Source
Last Updated: Feb 16, 2017
Quiz Scoreboard
CHALLENGE
Sign Up to Join the Scoreboard
Show All
Scores
Hide
Comments
May contain spoilers
Recently Published
College Basketball Coaching Resumes
by pancakes188
Sports
9m
Billboard Blitz: Fleetwood Mac
by CooCooCachoo
Music
15s
Presidents Visiting Landmarks
by Hejman
History
7m
More to Explore
Quiz From the Vault
Featured Blog Post
Where Did the Easter Bunny Come From?
hide this ad
You Might Also Like...
Tags
Basketball Quiz
NBA Quiz
Opening Day Lineups
portland
Portland Trail Blazers
Starter
Starting
Starting 5
Starting Five
Starting Lineups
Today's Top Quizzes in Sports
Browse Sports
hide this ad
Today's Top Quizzes in Basketball
Browse Basketball
Top Contributed Quizzes in Sports
1
2022 World Cup Stars
2
Les meilleurs buteurs des matchs entre le PSG et l’OM
3
FIFA Club World Cup Champions
4
Les entraîneurs de l'OM et du PSG au 21e siècle
5
Criteria MLB: Left Handed Sluggers
6
AFC Teams Reveal (Wrong Answers Minefield)
7
2023 MLB Unique Player Accomplishments
8
Players with Multiple 50 Home Run Seasons
9
5-to-1: FBS Animal Nicknames
10
5-to-1: UK Sports Teams
Explore More
Trending Topics
Kpop
Disney
Anime
NBA
Marvel
Harry Potter
Crossword
WWE
NFL
Soccer
Pokémon
Country
Puzzle
The Office
Song
hide this ad
More By:
alidarjarok
Quiz
Plays
Rating
Category
Featured
Created
Top 100 NBA Players (2015-16)
169,352
4.41
Sports
Oct 27, 2015
NBA 30+ Point Season Openers, '00s-'10s
36,312
4.78
Sports
Aug 31, 2015
ESPN NBA Rank Top 20 Players Per Position 2014-2015
29,941
4.54
Sports
Oct 27, 2014
Top 100 NBA Players For 2015-2016 (SI.com)
28,372
3.95
Sports
Sep 2, 2015
2016-17 NBA Statistical Leaders Per Team
21,921
4.67
Sports
May 5, 2017
Go to Creator's Profile
Score Distribution
Quiz Creator Spotlight
alidarjarok
Follow
Send a Message
Quizzes Created
-
Created Quiz Play Count
-
More By This Creator
Popular Quizzes Today
1
Find the US States - No Outlines Minefield
2
Find the Countries of Europe - No Outlines Minefield
3
The Countries of the World
4
Find the US States
5
Risky Map Clicking: Biggest States A-Z
6
US States
7
Popular People in 1961
8
Movies - When Are They Set?
More Sports Quizzes
Mixed Big 4 Logos
Published
Trending Quizzes
Risky Map Clicking: Least Populous States A-Z
1-10 Letter G Words
1-10 Letter F Words
Risky Map Clicking: Next State Alphabetically
Risky Map Clicking: Biggest States A-Z
Recently Updated
Leaping Animals
pecheneg
Reality TV Shows (A-Z)
bhenderson79
Rickey Henderson's Hall of Fame Teammates
pecheneg
Champions League XIs: Arsenal
pecheneg
Quick Pick: Celebrities in WWE's Hall of Fame
aduchscher
A-Z Keypad Blitz II
pecheneg
Multiple Oscar Actors
pecheneg
Mystery Phrase Blitz: Oscar 'Best Actors'
pecheneg
F. Scott Fitzgerald Novels
LTH
Pick 3 Villains
ddd62291
Trending Topics
Kpop
Harry Potter
Disney
Crossword
Anime
NBA
Marvel
Puzzle
Country
Soccer
Pokémon
The Office
NFL
Song
WWE
Your Account Isn't Verified!
In order to create a playlist on Sporcle, you need to verify the email address you used during registration. Go to your
Sporcle Settings
to finish the process.
Report this User
Report this user for behavior that violates our
Community Guidelines
.
Details:
Send Report
Go to the Sporcle.com Mobile Site →
Comments